00300nam a2200121Ia 4500003000400000005001700004008004100021020001900062040002000081100001700101245004200118260001800160OSt20240330145623.0170524s9999 xx 000 0 und d a 9789380156446 cIIMT UNIVERSITY aAhmad Naseem 0aFundamental Of Finanicial Accounting  aNew Delhi Ane